书目信息 |
| 题名: |
战地女杰
|
|
| 作者: | 常敬竹 著 | |
| 分册: | ||
| 出版信息: | 北京 中共党史出版社 2006 |
|
| 页数: | 274页 | |
| 开本: | 21cm | |
| 丛书名: | 红军长征纪实丛书 | |
| 单 册: | ||
| 中图分类: | K264.406 | |
| 科图分类: | ||
| 主题词: | 女英雄 , 二万五千里长征 | |
| 电子资源: | ||
| ISBN: | 7-80199-377-2 | |
| 000 | 01021oam2 2200289 450 | |
| 001 | 003089702 | |
| 005 | 20061116091818.89 | |
| 010 | @a7-80199-377-2@dCNY21.00 | |
| 100 | @a20060124d2006 em y0chiy0110 ea | |
| 101 | 0 | @achi |
| 102 | @aCN@b110000 | |
| 105 | @aa z 000yd | |
| 200 | 1 | @a战地女杰@9zhan di nv jie@e长征中的红军女战士@f常敬竹著 |
| 210 | @a北京@c中共党史出版社@d2006 | |
| 215 | @a274页@c图@d21cm | |
| 225 | 2 | @a红军长征纪实丛书 |
| 330 | @a本书以详实的史料,描写了长征中的红军女战士的事迹,包括神秘的出征、特殊的连队特殊的兵、走过雪山草地、一路迁徙、女人不是弱者、蒙难河西走廊、寻找归路的失散者等内容。 | |
| 461 | 0 | @12001 @a红军长征纪实丛书 |
| 517 | 1 | @a长征中的红军女战士@9chang zheng zhong de hong jun nü zhan shi |
| 601 | 02 | @a中国工农红军@x二万五千里长征@x女英雄@x生平事迹 |
| 601 | 02 | @a中国工农红军 |
| 606 | 0 | @a女英雄 |
| 606 | 0 | @a二万五千里长征 |
| 690 | @aK264.406@v4 | |
| 701 | 0 | @a常敬竹@9chang jing zhu@f(1965~)@4著 |
| 801 | 0 | @aCN@bNLC@c20061116 |
| 905 | @a10447@dK264.406@e45 | |
| 战地女杰:长征中的红军女战士/常敬竹著.-北京:中共党史出版社,2006 |
| 274页:图;21cm.-(红军长征纪实丛书) |
| ISBN 7-80199-377-2:CNY21.00 |
| 本书以详实的史料,描写了长征中的红军女战士的事迹,包括神秘的出征、特殊的连队特殊的兵、走过雪山草地、一路迁徙、女人不是弱者、蒙难河西走廊、寻找归路的失散者等内容。 |
| ● |
| 相关链接 |
|
|
|
|
正题名:战地女杰
索取号:K264.406/45
 
预约/预借
| 序号 | 登录号 | 条形码 | 馆藏地/架位号 | 状态 | 备注 |
| 1 | 0391259 | 203912597 | 第二样本阅览室/ [索取号:K264.406/45] | 在馆 | |
| 2 | 0391260 | 203912604 | 密集书库/ [索取号:K264.406/45] | 在馆 | |
| 3 | 0391261 | 203912613 | 密集书库/ [索取号:K264.406/45] | 在馆 | |
| 4 | 0391262 | 203912622 | 密集书库/ [索取号:K264.406/45] | 在馆 | |
| 5 | 0391263 | 203912631 | 密集书库/ [索取号:K264.406/45] | 在馆 |